[Event "Biel Credit Suisse"]
[Site "Biel"]
[Date "1997.07.23"]
[Round "3"]
[White "Pelletier, Yannick"]
[Black "Milov, Vadim"]
[Result "0-1"]
[WhiteElo "2465"]
[BlackElo "2635"]
[Annotator "Tsesarsky,I"]
[PlyCount "86"]
[EventDate "1997.07.20"]
[EventType "tourn"]
[EventRounds "10"]
[EventCountry "SUI"]
[EventCategory "17"]
[SourceTitle "CBM 060"]
[Source "ChessBase"]
[SourceDate "1997.09.29"]
[SourceVersion "1"]
[SourceVersionDate "1997.09.29"]
[SourceQuality "1"]

1. d4 Nf6 2. c4 e6 3. Nc3 Bb4 4. Qc2 O-O 5. a3 Bxc3+ 6. Qxc3 Ne4 7. Qc2 f5 8.
g3 b6 (8... c5 9. dxc5 Nc6 10. b4 a5 11. f3 Nf6 12. b5 Nd4 13. Qd3 e5 14. Bb2
$18 {1-0 Lim,J-Jones,L/WchJ-U18 Singapore 1990 (25)}) (8... Nc6 9. Nf3 d6 10.
Bg2 e5 11. dxe5 (11. d5 Ne7 12. b4 a5 $13) 11... dxe5 (11... Nxe5 12. Nxe5 dxe5
13. O-O $14) 12. O-O $14 {1-0 Georgiev,K-Christiansen,L/Tilburg 1994 (38)}) (
8... Qf6 9. e3 b6 10. Bg2 Bb7 11. Nf3 Ng5 12. Qe2 Nxf3+ 13. Bxf3 Be4 14. Bd2 d5
15. cxd5 exd5 16. Bc3 Nc6 $11 {0-1 Dunne,R-Hopper,P/Glenalmond Glorney Cup
1996 (53)}) 9. Bg2 c5 (9... Bb7 10. Nf3 (10. b4) 10... Nf6 (10... Qe7 11. O-O
c5 12. dxc5 bxc5 13. b4 $1 $14 {1-0 Bareev,E-Romanishin,O/Beograd 1993 (35)}) (
10... d6 $1 {/\ Nd7, c5}) 11. O-O Be4 12. Qd1 (12. Qc3 a5 (12... d6 13. b4 Qe8
(13... Nbd7 14. Rd1 Qe8 15. Bf1 $5 h6 (15... Bb7 $142) 16. Ne1 Bb7 17. f3 a5 $1
$132 {1/2-1/2 Alterman,B-Adams,M/Erevan olm 1996 (37)}) 14. Bb2 (14. a4 a5 15.
b5 Nbd7 16. Ba3 Qh5 17. c5 Nd5 18. Qc4 N7f6 19. cxd6 cxd6 20. Rac1 (20. Bxd6
Rac8 21. Qb3 Rc3 22. Qd1 Rfc8 23. Be5 Rc2 $17) 20... Rad8 $15 {0-1 Amura
Claudia N-Sorokin Maxim/It (open), Buenos Aires (Argentina) 1996 (31)}) 14...
Nbd7 15. d5 (15. Rac1 a5 16. b5 Qh5 17. Qd2 Rae8 18. a4 Ba8 $132 {0-1
Savchenko,S-Zelcic,R/2nd op, Nova Gorica SLO 1997 (40)}) 15... e5 16. Ng5 Bxg2
17. Kxg2 Ne4 18. Nxe4 fxe4 19. f3 Qh5 20. Qe3 exf3+ 21. exf3 $14 {1/2-1/2 Kahn,
E-Horvath,C/Budapest Spring op 1996 (33)}) (12... Qe8 13. Ne1 d6 14. b3 Nbd7
15. Bb2 e5 16. dxe5 Nxe5 17. Nd3 Nxd3 18. Bxe4 Nf4 19. Bd5+ N4xd5 20. cxd5 Qf7
(20... Qxe2 21. Rae1 Qb5 22. Re7 $132) 21. Rfd1 Rae8 22. Qc4 (22. e3 $11) 22...
f4 $36 {0-1 Harestad,H-Ibragimov,I/EUCup Gr3 London 1996 (43)}) 13. b3 Nc6 14.
Bb2 Ne7 15. Rfd1 Qe8 16. h3 (16. Bf1 f4 17. d5 fxg3 18. hxg3 exd5 19. cxd5
Nexd5 $17 {0-1 Mozetic,D-Drasko,M/Novi Sad 1995 (35)}) 16... h6 {1/2-1/2
Kiriakov,P-Savon,V/Pardubice op 1995}) (12. Qd2 a5 13. b3 Nc6 14. Bb2 Ne7 15.
a4 h6 16. Rfd1 d6 17. Ba3 Ng6 18. b4 $132 {1/2-1/2 Sadler Matthew-Wells Peter
K/it open 1995 (71)}) 12... a5 13. b3 Nc6 14. Bb2 Ne7 15. Rc1 h6 16. Qd2 Qb8
17. Rfd1 a4 (17... Qb7 $5) 18. b4 d6 19. b5 Qe8 20. Ne1 Bxg2 21. Nxg2 $14 {
0-1 Onischuk,A-Kurajica,B/Moscow olm UKR-BIH 1994 (53)}) 10. dxc5 bxc5 11. Nf3
Nc6 12. O-O Qe7 $6 $146 (12... Rb8 $1 13. Bf4 d6 14. Rfd1 Qf6 15. Bxd6 (15. b3
Bb7 16. Rab1 (16. Bxd6 $4 Nxd6 17. Rxd6 Qxa1+ $19) 16... e5 17. Bc1 Nd4 (17...
a5 $11) 18. Nxd4 cxd4 $132) 15... Rxb2 16. Qa4 $8 Bb7 (16... Nxd6 17. Rxd6 Ne5
18. Rad1 f4 $36) 17. Rd3 (17. Bxf8 Nc3 $19 {[%csl Ra4]}) (17. Rac1 Rc8 $15)
17... Rc8 18. Qd1 (18. Qxc6 Bxc6 19. Be5 Nxf2 (19... Qe7 20. Bxb2 Nd6 $17) 20.
Bxf6 Nxd3 21. Bxb2 Nxb2 22. Ne5 Bxg2 23. Kxg2 Rd8 $17) 18... Nc3 19. Qf1 Nxe2+
20. Kh1 e5 $17 {1-0 Ahlander,B-Wells,P/Berliner Sommer 1995 (31)}) 13. Nd2 $1
d5 $5 (13... Nd4 14. Qd3 Bb7 15. Nxe4 Bxe4 16. Bxe4 fxe4 17. Qxe4 Nb3 18. Rb1
$16) (13... Nxd2 14. Bxd2 Bb7 15. Bc3 d6 $14) 14. cxd5 (14. b4 $5 Nd4 (14...
cxb4 15. cxd5 Nd4 16. Qc4 Nc3 17. d6 Ndxe2+ 18. Kh1 Qxd6 19. Bxa8 Bd7 (19...
Nxc1 20. Rfxc1 Qxd2 21. Qxb4 $18) 20. Bg2 Nxc1 21. Raxc1 Qxd2 22. Qxb4 Rc8 23.
Rfd1 Qxd1+ 24. Rxd1 Nxd1 25. Qe7 $18 (25. Qd2 Ba4)) 15. Qd3 Qf6 (15... Bb7 16.
bxc5 $14) 16. cxd5 Nxe2+ $2 (16... exd5 17. Bb2 (17. Rb1 c4 18. Nxe4 fxe4 19.
Qe3 c3 $1 $17) 17... Nxe2+ 18. Qxe2 Qxb2 19. Rfb1 (19. bxc5 Be6 20. Rfe1 $11)
19... Qc2 20. Rc1 Qb2 21. bxc5 (21. Rcb1 $11) 21... Be6 22. Re1 Rac8 23. Nxe4
Qxe2 24. Nf6+ $5 Rxf6 25. Rxe2 Rxc5 26. Rd1 Kf7 27. Re5 $11) 17. Qxe2 Qxa1 18.
Nxe4 fxe4 19. Bxe4 (19. Qxe4 cxb4 20. axb4 Qf6 $11) 19... Bb7 (19... cxb4 20.
dxe6 Rb8 21. e7 Re8 22. Bxh7+ $18) 20. dxe6 Bxe4 21. e7 Rf7 22. Qxe4 (22. Bb2
Qa2) 22... Re8 23. Bg5 Qxa3 24. Qc6 Rfxe7 25. Bxe7 Rxe7 26. Qd5+ $18) 14...
exd5 15. Nxe4 $5 (15. Nf3 $142 Bb7 16. Rd1 Rad8 17. b3 $14) (15. b4 Nd4 16. Qd3
Qf6 {- See Previous Variations}) 15... fxe4 16. Be3 c4 17. Rad1 $14 (17. Rfd1
Be6 18. b3 Na5 19. bxc4 Nxc4 20. Bd4 $14) 17... Be6 18. b4 (18. b3 Na5 19. b4
Nb3 20. f3 exf3 21. exf3 a5 $132) 18... Rfe8 19. Bc5 Qg5 20. f3 (20. f4 $6 Qf5
21. b5 Na5 $11) 20... Rad8 (20... a6 21. fxe4 d4 22. e5 (22. Bxd4 Nxd4 23. Rxd4
Qe3+ $19) 22... Qe3+ 23. Rf2 Rf8 $8 24. Bxf8 Rxf8 25. Rdf1 Nxe5 26. Qe4 $18) (
20... exf3 21. exf3 $14) 21. Qc3 (21. Qa4 $1 Rc8 (21... Bd7 22. b5 Ne7 23. fxe4
Bg4 24. Rf2 Qh5 (24... c3 25. Qb3 $18) 25. Bxe7 Rxe7 26. Rxd5 Rxd5 27. Qxc4
Bxe2 28. Qxd5+ Qxd5 29. exd5 Bxb5 $16) 22. fxe4 d4 23. e5 Nxe5 24. Bxd4 $16)
21... exf3 22. Qxf3 (22. exf3 $14) 22... a6 23. Qf4 Qxf4 24. Rxf4 h6 (24... g5
25. Rf2 Kg7 $14) 25. a4 Rd7 (25... Rb8 26. Bxd5 (26. Rxd5 Nxb4 $11) 26... Bxd5
27. Rxd5 Nxb4 28. Rd7 Rxe2 29. Bd4 $18) 26. Rdf1 (26. b5 axb5 27. axb5 Na5 28.
Rdf1 Nb3 29. Rf8+ Rxf8 30. Rxf8+ Kh7 31. Bf2 Rb7 $11) 26... Kh7 $2 (26... Ne7
27. e3 Ng6 28. Rd4 Ne5 $14) 27. h4 $2 (27. Rxc4 $1 Rb7 (27... dxc4 28. Bxc6 $1
(28. Be4+ Kg8 29. Bxc6 Bh3 30. Bxd7 (30. e4 $2 Bxf1 31. Bxd7 Rxe4 32. Kxf1 c3
33. Bf5 c2 34. Be3 (34. Bxe4 c1=Q+ 35. Kg2 a5 $19) 34... Rxe3 35. Bxc2 $19)
30... Bxd7 $11 {[%csl Ra4,Re2]}) 28... Bh3 29. Bxd7 (29. e4 $2 Bxf1 30. Bxd7
Rd8 31. Bf5+ g6 32. Kxf1 gxf5 $19) 29... Bxd7 30. Rf7 $1 Bxa4 31. Bd4 Rg8 (
31... Kg6 32. Rxg7+ Kf5 33. Kf2 $16) 32. Rc7 Bb5 33. Kf2 $16) 28. Rd1 dxc4 29.
Bxc6 Rbb8 30. Bxe8 Rxe8 $16) 27... Rb8 $11 28. e4 (28. Rf8 Rbb7 29. Rb1 $11 (
29. a5 Nxb4 30. Ra8 c3 31. Bxb4 Rxb4 32. Rxa6 Bg4 $15)) 28... Nxb4 29. Rb1 $8
a5 30. exd5 $8 Bxd5 31. Bxd5 Rxd5 32. Rxc4 Rc8 33. Rbc1 $8 Nd3 34. Bf2 (34. Ba3
Re8 35. R1c2 $11) 34... Rf8 35. Rd1 (35. R1c2 $11) 35... Rf3 36. Rc3 (36. Rd2
Rdf5 37. g4 Rxf2 38. Rxd3 R5f4 39. Rdd4 $11) 36... g5 37. hxg5 hxg5 38. Rd2 (
38. g4 Kg7 39. Rd2 $11) 38... g4 39. Re2 $4 (39. Kg2 Nf4+ 40. gxf4 Rxd2 41.
Rxf3 gxf3+ 42. Kxf3 Ra2 $19) (39. Rc7+ $1 Kh6 40. Re7 Kg6 41. Re6+ Kf5 42. Re8
$11) 39... Nxf2 40. Rxf3 $2 (40. Rc7+ Kg6 41. Rxf2 Rxg3+ 42. Kf1 Rgd3 $17)
40... Nh3+ $19 41. Kh2 (41. Kg2 gxf3+ 42. Kxf3 Ng5+ $1 (42... Ng1+ $4 43. Ke4
Rd1 (43... Nxe2 44. Kxd5 $11) 44. Rc2 $11 {[%cal Gc2c5,Gc5a5]}) 43. Kf4 Kg6 $19
) 41... gxf3 42. Re7+ Kg6 43. Kxh3 Rd1 (43... Rh5+ 44. Kg4 f2 45. Re6+ Kf7 $19)
0-1

[Event "WchT 4th"]
[Site "Luzern"]
[Date "1997.10.26"]
[Round "2.2"]
[White "Pelletier, Yannick"]
[Black "Adams, Michael"]
[Result "1/2-1/2"]
[WhiteElo "2465"]
[BlackElo "2680"]
[Annotator "Tsesarsky,I"]
[PlyCount "100"]
[EventDate "1997.10.25"]
[EventType "team-tourn"]
[EventRounds "9"]
[EventCountry "SUI"]
[SourceTitle "CBM 062"]
[Source "ChessBase"]
[SourceDate "1998.01.31"]
[SourceVersion "1"]
[SourceVersionDate "1998.01.31"]
[SourceQuality "1"]
[WhiteTeam "Switzerland"]
[BlackTeam "England"]
[WhiteTeamCountry "SUI"]
[BlackTeamCountry "ENG"]

1. d4 Nf6 2. c4 e6 3. Nc3 Bb4 4. Qc2 O-O 5. a3 Bxc3+ 6. Qxc3 Ne4 7. Qc2 f5 8.
Nh3 d6 (8... Nc6 9. e3 (9. f3 Nf6 10. e3 e5 11. dxe5 Nxe5 12. Nf4 d6 13. Be2 b6
(13... g5 $6 14. Nh3 Nh5 15. f4 gxf4 16. exf4 Qh4+ 17. Nf2 Ng4 18. g3 Qe7 19.
O-O $16 {Kharlov,A-Makarichev,S/RUS/1994/0|1/40/}) 14. O-O Qe7 15. b4 a5 $132)
9... d6 10. f3 (10. Bd3 e5 11. d5 Ne7 12. O-O $1 (12. b4 $5 Ng6 13. O-O (13.
Bb2 $2 Ng5 14. Nxg5 Qxg5 15. g3 (15. O-O e4 16. Be2 Nh4 17. g3 Nf3+ 18. Bxf3
exf3 19. Rfd1 Qg4 20. Qc3 Rf7 21. Kh1 Qh3 22. Rg1 Rf6 $1 23. g4 (23. Qd3 Qxh2+
24. Kxh2 Rh6#) 23... fxg4 24. Rg3 Qh5 $17) 15... f4 16. exf4 (16. gxf4 exf4 17.
O-O-O fxe3 18. fxe3 Qxe3+ 19. Kb1 Qh3 (19... a5 $5) 20. Bxg6 (20. Rdg1 Qxd3 21.
Qxd3 Bf5 22. Qxf5 Rxf5 23. h4 Raf8 $17) 20... hxg6 21. Ka2 Bf5 22. Qd2 Rae8 $17
{Flear,G-De Firmian,N/Antwerpen op (7) ;TD 94/02 1994}) 16... exf4 17. O-O Bf5
18. Bxf5 Rxf5 19. Rae1 Raf8 $15) 13... Qh4 14. f4 $14) 12... Ng6 13. b4 a5 14.
Rb1 axb4 15. axb4 Bd7 16. f3 Ng5 17. Nxg5 Qxg5 18. f4 $14 {1-0 Skomorokhin,
R-Nemet,I/Open, Biel SUI 1997 (45)}) 10... Nf6 (10... Ng5 11. Nf2 e5 12. d5 Ne7
13. Bd2 c6 14. dxc6 Nxc6 15. Be2 Be6 16. O-O Rc8 17. Bc3 Na5 18. b3 b5 $1 19.
f4 $1 Nf7 20. fxe5 bxc4 21. b4 Nb3 22. Rad1 $132 {1/2-1/2 Kiriakov,
P-Prokopchuk,E/1/2 final Russia Cup, Perm RUS 1997 (64)}) 11. Nf2 (11. Bd3 Qe8
12. O-O Ne7 13. Bd2 Bd7 14. Nf2 Qh5 15. Rae1 Rae8 16. b4 $14 {Brunner,L-Nemet,
I/SUI-chT (07) ;EXP 49 1995 (25)}) (11. Bd2 e5 12. dxe5 Nxe5 13. Be2 Qe7 14.
O-O Kh8 15. Rae1 Bd7 16. b4 Rae8 17. Nf2 $14 {1/2-1/2 Vera,R-De Firmian,N/4th
World Team Ch, Lucerne SUI 1997 (38)}) 11... e5 12. d5 Ne7 13. Be2 $132 {
- Sokolov,I-De Firmian,N/New York CITS 1996/CBM 52/[Dautov] (23)} (13. Bd3 $5
a5 14. b3 Bd7 15. Bd2 Kh8 16. O-O $14 {/\b4})) (8... b6 9. f3 Nf6 10. e3 Bb7
11. Be2 (11. Bd3 Nc6 12. O-O Ne7 13. b4 Qe8 14. Bb2 Qh5 15. Rae1 $14 {Arlandi,
E-Cebalo,M/Reggio Emilia/1994/0|1/36/}) 11... d6 12. O-O Nbd7 13. b4 Qe7 14.
Bb2 g6 15. Rad1 e5 16. Rfe1 h6 17. c5 $1 bxc5 18. bxc5 Rab8 19. Ba1 dxc5 20.
dxe5 Nxe5 21. Qc3 Rfe8 22. e4 fxe4 23. f4 Ned7 24. Rxd7 (24. Bc4+ $18) 24...
Qxd7 25. Qxf6 $18 {1-0 Kelecevic,N-Lawitsch,G/AUT-chT2W 9697 1997/EXT 97 (27)})
(8... d5 9. f3 Nf6 10. e3 c6 11. Bd2 (11. Bd3 Nbd7 12. O-O Re8 13. b4 Nf8 14.
Bd2 $14 {1-0 Rothman S-Spedale M/Ch Amateur Team, USA 1990 (37)}) 11... a5 12.
Bd3 Nbd7 13. O-O Re8 14. Nf2 Nf8 15. Rae1 $14 {1-0 Gabriel,C-Mantzouneas,N/
Open, Bad Woerishofen GER 1997 (40)}) (8... c5 9. f3 Nf6 (9... Nd6 10. dxc5
Qh4+ 11. g3 Qxc4 12. Qxc4 Nxc4 13. b3 Na5 14. Rb1 $14) 10. dxc5 a5 11. Bf4 Na6
12. Bd6 $16 {1-0 Kelecevic,N-Saesseli,K/Mendrisio op 1988 (47)}) 9. e3 $6 (9.
f3 $142 Nf6 10. e3 e5 (10... a5 11. Bd3 Nc6 12. O-O (12. b3 $14) 12... a4 13.
b4 axb3 14. Qxb3 b6 15. Bb2 Na5 16. Qc2 c5 $132 {Tomicic,Z-Hulak,K/Djakovo op
1994/EXT 94op/0-1 (40)}) (10... Qe7 $5 11. Bd3 a5 12. Bd2 b6 (12... a4 $5) 13.
O-O Bb7 (13... a4 $5) 14. b4 $14 {1-0 Kharlov,A-Vyzmanavin,A/Novosibirsk 1995 
(58)}) 11. dxe5 (11. Be2 exd4 12. exd4 Nc6 13. Qd2 Nh5 14. f4 Nf6 15. Nf2 d5
16. O-O Re8 17. b4 dxc4 18. Bxc4+ Be6 19. Bxe6+ Rxe6 20. Bb2 Qd5 $17 {0-1
Baumegger,S-Zelcic,R/op 1997 (47)}) 11... dxe5 12. Nf2 (12. Be2 a5 13. b3 Nc6
14. O-O Qe7 15. Nf2 Be6 16. Bb2 Nd7 17. Qc3 Rf6 18. Kh1 (18. Rad1 $14) (18. f4
$14) 18... Rh6 19. f4 Qh4 20. Nh3 Nf6 21. b4 (21. fxe5 Ne4 22. Qc2 $16) 21...
Ne4 22. Qe1 Qxe1 23. Rfxe1 $14 {1-0 Dragomarezkij Evgeni-Pogorelov Ruslan/It 
(cat.8), Moscow (Russia) 1996 (42)}) 12... Nc6 13. b4 (13. Bd2 Qe7 14. O-O-O e4
15. f4 Be6 16. Rg1 Rad8 17. Be2 h5 18. h3 $1 (18. g3 $2 Rd7 19. h3 Rfd8 20. Qb3
(20. g4 $1 $16) 20... Qc5 21. Qb5 Qxb5 22. cxb5 Ne7 23. Bc3 Nfd5 24. Bd4 c5 25.
bxc6 Nxc6 26. Bxh5 Nxd4 27. Rxd4 Nxe3 $17 {Hlian,E-Terterians,V/RUS-chT 1992/
EXT 92ch/0-1 (58)}) 18... h4 19. g3 hxg3 20. Rxg3 $16) 13... Qe8 (13... f4 14.
Bd3 e4 15. Bxe4 Nxe4 16. Nxe4 Qh4+ 17. Qf2 Qxf2+ 18. Kxf2 fxe3+ 19. Bxe3 Ne5
20. Bd4 Nxc4 21. Rhc1 b5 22. a4 c6 23. axb5 cxb5 24. Rxa7 Rxa7 25. Bxa7 $16 {
1/2-1/2 Kozul Zdenko-Zelcic Robert/It (open) Pula (Croatia) 1996 (83)}) 14. Be2
Ne7 15. O-O Ng6 16. Bb2 Be6 17. a4 c6 18. b5 c5 19. a5 Qe7 20. Rfd1 $14 {
Arlandi,E-Hulak,K/Makarska 1996/EXT 97/ - (63)}) 9... e5 $1 $132 10. dxe5 dxe5
11. Be2 (11. b4 a5 $132) (11. b3 Qf6 12. Bb2 Nd7 13. Be2 Ndc5 $132) 11... a5 (
11... Qh4 12. O-O Nd6 13. f4 $14) 12. b3 (12. O-O $6 a4 13. f3 Nc5 14. Rd1 Qh4
15. Bd2 Nb3 16. Rab1 Nxd2 17. Qxd2 Be6 18. Qb4 b6 19. Nf2 Nd7 20. Rd2 Nc5 $15)
12... Nc5 (12... Nc6 13. Bb2 Qh4 14. O-O Be6 15. f3 Nd6 16. f4 $16) 13. Bb2 (
13. O-O $2 f4 $1 $15) 13... Nc6 (13... f4 $2 14. exf4 Bxh3 15. gxh3 exf4 16.
Rg1 Rf7 17. Qc3 Qf8 18. O-O-O $16) 14. Rd1 (14. O-O $2 f4 $1 15. Rad1 Qh4 16.
exf4 Bxh3 17. gxh3 Rxf4 $17) 14... Qe7 (14... Qh4 15. Rd5 $1 (15. O-O $2 f4 $17
) 15... Nd7 (15... Qe7 16. O-O $132) 16. O-O $132) 15. Ng1 $1 (15. O-O f4 $17)
(15. f3 f4 $17) 15... f4 $1 $17 16. e4 a4 $2 (16... Nd4 $1 17. Bxd4 exd4 18.
Rxd4 (18. Nf3 Nxe4 19. Rxd4 Bf5 20. Qb2 Qf6 21. Qc1 (21. O-O $140 c5 $19) 21...
c5 22. Rd5 Rae8 $17) 18... Ne6 19. Rd2 Qxa3 $17) (16... Ra6 $1 17. Nf3 Rb6 18.
Nd2 Nd4 19. Bxd4 exd4 20. O-O Rd8 21. Bf3 Qe5 $17) 17. b4 $132 Nb3 18. Nf3 Bg4
$5 (18... b6 $132) 19. Nxe5 $2 $17 (19. O-O Bxf3 20. Bxf3 Ncd4 21. Qc3 Rad8 22.
Rfe1 Qh4 23. c5 $132) 19... Nxe5 20. Rd5 $5 Bxe2 (20... Nxc4 21. Bxc4 (21. Bxg4
Nxb2 $19) 21... Kh8 22. h3 c6 23. Re5 Qh4 24. Qc3 Rf6 25. Re7 $16) (20... f3
21. Rxe5 Qh4 22. g3 $16) 21. Rxe5 Qh4 (21... Qd6 $2 22. Kxe2 Rae8 23. Rxe8 (23.
Rd1 f3+ $1 24. gxf3 Qf6 25. Rxe8 Qxf3+ 26. Kf1 Rxe8 27. e5 Qh1+ 28. Ke2 Qxh2
$17) 23... Rxe8 24. f3 (24. Rd1 Qg6 25. Kf1 Rxe4 26. Rd8+ Kf7 27. Qd3 Re7 $14)
24... Nd4+ 25. Bxd4 Qxd4 26. Qc1 $16) 22. Qxe2 (22. Kxe2 $5 c6 $1 (22... Rad8
$2 23. Rd5 c6 24. Rxd8 Rxd8 25. Rd1 Qg4+ 26. Ke1 Re8 (26... Rxd1+ 27. Qxd1 Qxg2
28. Qd8+ Kf7 29. Qd7+ Kf8 30. Qc8+ $18) 27. f3 Qh4+ 28. Qf2 Qxh2 29. Rd7 Qh1+
30. Qf1 (30. Ke2 Qb1 $17) 30... Qh4+ 31. Ke2 Rxe4+ 32. fxe4 Qg4+ 33. Qf3 Qxd7
34. Qxf4 $14) 23. Rd1 (23. Bc3 Rad8 24. Kf1 f3 $15) 23... Rad8 24. Rxd8 Rxd8
$17) 22... Rad8 23. Rd5 (23. Rh5 Qe7 24. Rd5 (24. f3 Rd2 $17) 24... c6 25. Rxd8
Rxd8 $17) 23... c6 24. Rxd8 $6 (24. Rh5 $5 Qe7 $8 25. c5 (25. Bc3 Nc1 $17)
25... Rd2 (25... f3 26. gxf3 Nd2 (26... Rd2 27. Qc4+ Kh8 28. Be5 (28. Bc3 b5
29. cxb6 Qd6 30. Bxg7+ $8 Kxg7 31. Rg1+ Kh8 32. Qc3+ Rf6 33. Rd5 cxd5 34. b7
Rd4 35. Qc6 $1 Rxb4 $1 36. Qxd6 Rxd6 37. axb4 Rb6 $19) 28... Qd8 29. O-O Nd4
30. Kh1 $1 (30. Bxd4 Rxd4 31. Qe6 Rxf3 32. Qg6 h6 33. Re5 Rf8 34. Re6 (34. Re1
$4 Rd1 35. Rxd1 Qxd1+ 36. Kg2 Qf3+ $19) 34... Qd7 35. Kg2 (35. Rd6 Rxd6 36.
Qxd6 (36. cxd6 Rf6 $17) 36... Qg4+ 37. Qg3 Qxe4 $11) 35... Rd3 36. Rg1 (36. f4
Rxa3 $17) 36... Rxa3 $15) 30... Nxf3 31. Bc3 Rd1 32. Rh3 $16) 27. Rh3 $18) 26.
Qc4+ Kh8 $2 (26... Qf7 $1 27. Qxf7+ Rxf7 28. Be5 Ra2 29. O-O Rxa3 30. Rd1 h6
31. f3 (31. Rf5 Rxf5 32. exf5 Ra2 33. Rd8+ Kf7 34. h4 (34. Rd7+ Ke8 35. Rxg7
Re2 36. Bc3 Rc2 37. Be1 a3 $19) 34... Re2 35. Bxf4 a3 36. Bd6 Re8 37. Rxe8 Kxe8
38. Be5 Kf7 $19) 31... Ra2 32. Rh4 a3 33. Rxf4 Rxf4 34. Bxf4 Ra1 35. Rxa1 Nxa1
36. Be5 Nc2 37. Bc3 a2 $19) 27. Bc3 Ra2 28. O-O f3 (28... Rxa3 29. Qe2 f3 30.
Qb2 fxg2 31. Re1 $18) 29. Re5 Qd8 30. Qe6 Rxa3 31. Qe7 Nc1 $1 32. Rxc1 Rxc3 33.
Qxf8+ Qxf8 34. Rxc3 fxg2 35. Rf3 $16) 24... Rxd8 $19 25. Bc3 (25. O-O Rd2 $19)
25... Nc1 $1 26. Qc2 $8 Nd3+ $6 (26... f3 $1 27. gxf3 (27. Qxc1 Qxe4+ 28. Qe3
Qb1+ $19) (27. g3 Qe7 28. e5 (28. O-O Qd7 $19) 28... Nd3+ 29. Kf1 Qe6 30. h3
Nxe5 (30... Qxc4 31. Kg1 Nxe5 32. Kh2 Rd3 33. Rc1 Nd7 $17) 31. Kg1 Nxc4 32. Kh2
Qe2 33. Qxe2 fxe2 34. Re1 Rd3 $19) (27. Rg1 Qxh2 28. Kf1 Ne2 $19) 27... Nd3+
28. Kf1 $8 Qh3+ 29. Kg1 (29. Ke2 Qg2 30. Rf1 Nf4+ 31. Ke1 (31. Ke3 Rd3+ $19)
31... Qxf3 32. Rg1 Rd3 $19) 29... Nf4 $19) 27. Kf1 f3 28. Rg1 $8 g6 $1 (28...
Qxh2 29. Qd2 (29. gxf3 Qh3+ 30. Ke2 Nf4+ 31. Ke1 Qxf3 32. Rxg7+ Kf8 33. Rg1 Rd3
$19) 29... fxg2+ 30. Rxg2 Qh1+ 31. Rg1 Qh3+ 32. Rg2 Rd7 33. Qe3 Nxf2 $1 $17)
29. c5 (29. gxf3 Qh3+ 30. Ke2 Nf4+ 31. Ke1 Qxf3 32. c5 Rd3 33. Bb2 Qxe4+ 34.
Kf1 Qf3 $19) 29... Nf4 (29... Qxe4 30. gxf3 $8 Qxf3 31. Rg3 Qh1+ 32. Rg1 Qxh2
$19) 30. Be5 (30. gxf3 Qh3+ 31. Ke1 Qxf3 32. Qa2+ Kf8 33. Qc2 Rd3 $19) 30...
fxg2+ 31. Rxg2 Nxg2 $4 (31... Qh5 $19) 32. Qc4+ (32. Kxg2 Qg4+ 33. Bg3 Qe6 $44)
32... Kf8 33. Kxg2 Qg4+ (33... Re8 34. Bd6+ Kg7 35. f3 $44) 34. Bg3 Re8 35. f3
Qe6 36. Qc1 Kg8 37. Bd6 Rd8 (37... b5 $44) 38. Kg3 Rd7 39. Qg5 b6 40. Qh6 Rf7 (
40... Rxd6 41. cxd6 Qxd6+ 42. Qf4 Qd4 $11) 41. Qg5 Rd7 42. Qh6 Qe8 $6 (42...
Rf7 $11) 43. Qe3 b5 44. e5 Qe6 $4 (44... Rf7 45. e6 Rf6 46. e7 Kg7 $11) 45. Qe4
$18 h5 (45... Qd5 46. Qxd5+ (46. e6 Rxd6 47. cxd6 Qxd6+ 48. Kg4 Kg7 49. e7 Qd7+
50. Kg3 Kf7 51. h4 Ke8 52. h5 Qd6+ 53. Kg4 c5 54. bxc5 gxh5+ 55. Kh3 Qxc5 $17)
46... cxd5 47. e6 Rd8 48. Kf4 $18) 46. Qxc6 $4 (46. h4 $1 Rf7 (46... Qd5 47.
Qxd5+ cxd5 48. e6 Rd8 49. Kf4 $18) 47. Qxc6 Qb3 48. Qe4 $16) 46... h4+ 47. Kg2
(47. Kxh4 $4 Rh7+ 48. Kg3 Qh3+ 49. Kf2 Qxh2+ 50. Ke3 Qg1+ $19) 47... Qa2+ 48.
Kh3 Qe6+ 49. Kg2 Qa2+ 50. Kh3 Qe6+ 1/2-1/2